Estadísticas para Top 10 Países más Meridionales en África

Haz click aquí para tomar la prueba!

Estadísticas generales

  • Esta prueba ha sido tomada 652 veces
  • La puntuación promedio es 9 de 10

Estadísticas de respuestas

LatitudPaís% Correcto
46°59'SSudáfrica
99%
30°40'SLesoto
97%
25°37'SMadagascar
96%
28°58'SNamibia
95%
26°52'SMozambique
95%
28°19'SSuazilandia
93%
26°54'SBotsuana
93%
18°05'SZambia
93%
22°25'SZimbabue
92%
20°32'SMauricio
77%

Distribución de puntuación

Porcentaje por número respondido

Porcentaje de gente con cada puntuación

Historial de tus puntuaciones

No has tomado esta prueba